Descripción del Gran Cué de Tula / Arqueología de Tula, Tamaulipas / La pirámide de la Laguna de Tula /

Guardat en:
Dades bibliogràfiques
Autor principal: Torre, Toribio de la (autor)
Altres autors: Meade, Joaquín (autor) (autor), Herrera y Pérez, Octavio (autor) (autor)
Format: Llibre
Idioma:espanyol
Publicat: Ciudad Victoria, México : Universidad Autónoma de Tamaulipas, Instituto de Investigaciones Históricas : Jus, 1982, c1982
Etiquetes: Afegir etiqueta
Sense etiquetes, Sigues el primer a etiquetar aquest registre!

MARC

LEADER 00000nam^a2200000^a^4500
001 000447992
005 20250521000000.0
009 20260310123646.933
037 |a Acervo Xavier Clavigero 
041 |a ESP 
091 |a FCA. 02160 
100 |a Torre, Toribio de la  |e (autor) 
245 1 0 |a Descripción del Gran Cué de Tula / Arqueología de Tula, Tamaulipas / La pirámide de la Laguna de Tula / 
264 4 |a Ciudad Victoria, México :  |b Universidad Autónoma de Tamaulipas, Instituto de Investigaciones Históricas :  |b Jus,  |c 1982, c1982 
300 |a 72 p. 
336 |a texto  |b txt  |2 rdacontenido 
337 |a sin mediación  |b n  |2 rdamedio 
338 |a volumen  |b nc  |2 rdasoporte 
649 |a XX 
700 |a Meade, Joaquín  |e (autor) 
700 |a Herrera y Pérez, Octavio  |e (autor) 
910 |a Fondo Xavier Cacho Vázquez S.J. 
920 |a Impresos - Libros 
930 |a Fondos Especiales 
905 |a 131 
901 |a 0500374744  |b IT2  |c ESP  |i D  |u 20250521 
902 |a https://opac.biblio.iteso.mx/vufind/Record/000447992